000 00645nam a2200229Ia 4500
003 OSt
005 20220928142845.0
006 a|||||r|||| 00| 0
007 ta
008 220927b |||||||| |||| 00| 0 eng d
024 _a20145
037 _cTextual
040 _aSDCL
_cSDCL
_beng
041 _2eng
_aeng
082 _aW65, N9
100 _aOpello Walter C
_9503907
245 0 _aNation-state and global order
_b A historical introduction to contemporary politics
260 _c1999
700 _a Rosow Stephen J
_9503908
942 _hW65, N9
_cTEXL
_2CC
999 _c822282
_d822282